| 000 | 00896nam a2200253Ia 4500 | ||
|---|---|---|---|
| 003 | OSt | ||
| 005 | 20220923212651.0 | ||
| 006 | a|||||r|||| 00| 0 | ||
| 007 | ta | ||
| 008 | 220922b |||||||| |||| 00| 0 hin d | ||
| 024 | _a155,053 | ||
| 037 | _cTextual | ||
| 040 |
_aARTS _cARTS _bhin |
||
| 041 |
_2hin _ahin |
||
| 082 | _aO15,1A1:g(W), 152N1 | ||
| 100 | _aदीक्षित, प्रभाकर | ||
| 245 | 0 | _aवाल्मीकि रामायण में राजनीतिक विचार | |
| 246 | _aVālmīki rāmāyaṇ mean rājanītik vichāra | ||
| 260 |
_aदिल्ली _b परिमल प्रकाशन _c1991 |
||
| 300 |
_a270 पृ. _ccm. |
||
| 650 | _aसंस्कृत साहित्य | ||
| 942 |
_hO15,1A1:g(W), 152N1 _cTEXL _2CC |
||
| 999 |
_c310629 _d310629 |
||